[Event "COL-ch U20 Girls"]
[Site "Tolima"]
[Date "2020.02.14"]
[Round "4"]
[White "Almanza Avila, Nataly"]
[Black "Ramos Rocha, Natalia"]
[Result "1-0"]
[WhiteElo "1399"]
[BlackElo "1199"]
[PlyCount "65"]
[EventDate "2020.02.12"]
[EventType "swiss"]
[EventRounds "7"]
[EventCountry "COL"]
[SourceTitle "CBM 195 Extra"]
[Source "ChessBase"]
[SourceDate "2020.05.31"]
[SourceVersion "1"]
[SourceVersionDate "2020.05.31"]
[SourceQuality "1"]

1. d4 d5 2. c4 e6 3. Nc3 Nf6 4. cxd5 exd5 5. Bg5 Be7 6. e3 c6 7. Qc2 h6 8. Bxf6 Bxf6 9. Bd3 Nd7 10. Rc1 Be7 11. Nge2 Nf6 12. a3 0-0 13. 0-0 Re8 14. Rfd1 Be6 15. h3 Qd7 16. Nf4 Bd6 17. Nxe6 Qxe6 18. Bf5 Qe7 19. e4 dxe4 20. Re1 Bf4 21. Rcd1 e3 22. fxe3 Bxe3+ 23. Kh1 Qd6 24. Ne2 Bxd4 25. Rxd4 Rxe2 26. Rxd6 Rxc2 27. Bxc2 Nd5 28. Bb3 Nf6 29. Red1 Kh7 30. Bc2+ Kh8 31. Rd8+ Rxd8 32. Rxd8+ Ng8 33. Rd7 1-0

[Event "Tolima Departamenl Amateur-ch"]
[Site "Tolima"]
[Date "2020.01.09"]
[Round "5"]
[White "Florez Osorio, Hernan"]
[Black "Almanza Avila, Nataly"]
[Result "1/2-1/2"]
[WhiteElo "1631"]
[BlackElo "1399"]
[PlyCount "106"]
[EventDate "2020.01.07"]
[EventType "swiss"]
[EventRounds "5"]
[EventCountry "COL"]
[SourceTitle "CBM 195 Extra"]
[Source "ChessBase"]
[SourceDate "2020.05.31"]
[SourceVersion "1"]
[SourceVersionDate "2020.05.31"]
[SourceQuality "1"]

1. e4 c5 2. Nf3 d6 3. c3 Nf6 4. Qc2 Nc6 5. d4 Bg4 6. Bb5 Bxf3 7. gxf3 Qb6 8. a4 e6 9. Be3 a6 10. a5 Qxb5 11. c4 Nb4 12. Qb3 Qd7 13. Nc3 cxd4 14. Bxd4 Nd3+ 15. Kf1 e5 16. Be3 Be7 17. Rd1 Qh3+ 18. Ke2 Nc5 19. Bxc5 dxc5 20. Qxb7 Qc8 21. Qb3 0-0 22. Rhg1 Rb8 23. Qc2 Qb7 24. Rd2 Rfd8 25. Nd5 Nxd5 26. exd5 Qb3 27. Qe4 Rd6 28. Qxe5 Qxc4+ 29. Ke1 Kf8 30. Rxg7 Qc1+ 31. Rd1 Qxb2 32. Qxb2 Rxb2 33. Rxh7 Kg8 34. Rh5 Rg6 35. Kf1 Rb5 36. Re1 Rg5 37. d6 Bf6 38. Rxg5+ Bxg5 39. d7 Kg7 40. Re8 Rb1+ 41. Kg2 Rd1 42. Re5 Bf6 43. Rxc5 Rxd7 44. Rc6 Rd5 45. Rxa6 Bd8 46. Rc6 Rxa5 47. Rc2 Rg5+ 48. Kf1 Bf6 49. Re2 Rh5 50. Kg2 Be5 51. h3 Kg6 52. Re4 Rg5+ 53. Kh1 Rf5 1/2-1/2

[Event "COL-chT Interligas (Women)"]
[Site "Palmira"]
[Date "2019.04.28"]
[Round "4.3"]
[White "Caicedo Anguila, Juliana Andrea"]
[Black "Almanza Avila, Nataly"]
[Result "1-0"]
[WhiteElo "1530"]
[BlackElo "1371"]
[PlyCount "39"]
[EventDate "2019.04.27"]
[EventType "team-swiss"]
[EventRounds "6"]
[EventCountry "COL"]
[SourceTitle "CBM 190 Extra"]
[Source "ChessBase"]
[SourceDate "2019.07.15"]
[SourceVersion "1"]
[SourceVersionDate "2019.07.15"]
[SourceQuality "1"]
[WhiteTeam "Atlantico (W)"]
[BlackTeam "Tolima (W)"]
[WhiteTeamCountry "COL"]
[BlackTeamCountry "COL"]

1. d4 Nf6 2. c4 g6 3. Nc3 Bg7 4. e4 d6 5. f3 0-0 6. Be3 Nc6 7. Nge2 a6 8. Qd2 Na5 9. b3 b5 10. cxb5 axb5 11. Rc1 c6 12. g3 Bd7 13. Bg2 Rb8 14. 0-0 e5 15. dxe5 dxe5 16. Rfd1 Be6 17. Qxd8 Rfxd8 18. Rxd8+ Rxd8 19. Bb6 Ra8 20. Rd1 1-0

[Event "COL-ch U1700"]
[Site "Pereira"]
[Date "2019.03.24"]
[Round "7"]
[White "Almanza Avila, Nataly"]
[Black "Moreno Marino, Juan Nicolas"]
[Result "0-1"]
[WhiteElo "1365"]
[BlackElo "1556"]
[PlyCount "108"]
[EventDate "2019.03.21"]
[EventType "swiss"]
[EventRounds "9"]
[EventCountry "COL"]
[SourceTitle "CBM 189 Extra"]
[Source "ChessBase"]
[SourceDate "2019.06.03"]
[SourceVersion "1"]
[SourceVersionDate "2019.06.03"]
[SourceQuality "1"]

1. d4 Nf6 2. c4 c5 3. dxc5 Qa5+ 4. Nc3 Qxc5 5. e3 g6 6. Nf3 Bg7 7. Bd3 0-0 8. 0-0 Nc6 9. a3 a5 10. b4 axb4 11. axb4 Qxb4 12. Rxa8 Qxc3 13. Qc2 Qxc2 14. Bxc2 d6 15. Bd2 Nd7 16. Rb1 Nc5 17. Ra3 Be6 18. Bc3 Bxc4 19. Bxg7 Kxg7 20. Nd2 Ba6 21. Ne4 Nxe4 22. Bxe4 Rc8 23. Bd3 Bxd3 24. Rxd3 Na5 25. Ra3 b6 26. h3 Nc4 27. Rc1 b5 28. Rb3 Rc5 29. g4 Kf6 30. Kg2 Ke5 31. Rcc3 Kd5 32. f3 Kc6 33. Kf2 Kb6 34. Ke1 Ka5 35. e4 b4 36. Rd3 Ka4 37. Kd1 Na5 38. Rb1 Nc4 39. Rbb3 Ne5 40. Re3 Nc6 41. Red3 Nd8 42. Rb1 Nb7 43. Ra1+ Kb5 44. Rc1 Rc4 45. Rd5+ Nc5 46. Rxc4 Kxc4 47. Rd2 b3 48. Kc1 Kc3 49. Rh2 b2+ 50. Kb1 Nd3 51. Rc2+ Kd4 52. Rh2 Ke3 53. Kc2 Kxf3 54. Rh1 Kxe4 0-1

[Event "COL-ch U1700"]
[Site "Pereira"]
[Date "2019.03.22"]
[Round "3"]
[White "Almanza Avila, Nataly"]
[Black "Rodriguez Prieto, German Andres"]
[Result "0-1"]
[WhiteElo "1365"]
[BlackElo "1606"]
[PlyCount "56"]
[EventDate "2019.03.21"]
[EventType "swiss"]
[EventRounds "9"]
[EventCountry "COL"]
[SourceTitle "CBM 189 Extra"]
[Source "ChessBase"]
[SourceDate "2019.06.03"]
[SourceVersion "1"]
[SourceVersionDate "2019.06.03"]
[SourceQuality "1"]

1. d4 e6 2. c4 Nf6 3. a3 d5 4. Nc3 Be7 5. Bf4 0-0 6. e3 c6 7. Nf3 Nbd7 8. Bd3 b6 9. h3 Ba6 10. Qa4 Bxc4 11. Bxc4 dxc4 12. Qxc4 Rc8 13. 0-0 Nd5 14. Bh2 N7f6 15. Rfe1 c5 16. Qe2 Bd6 17. Nxd5 Bxh2+ 18. Nxh2 Qxd5 19. dxc5 Qxc5 20. Rac1 Qxc1 21. Rxc1 Rxc1+ 22. Nf1 Rfc8 23. Kh2 R8c2 24. Qb5 Rc5 25. Qe2 R5c2 26. Qb5 Rxf2 27. Kg1 Rfxf1+ 28. Qxf1 Rxf1+ 0-1

[Event "COL-ch U20 Girls"]
[Site "Medellin"]
[Date "2019.03.16"]
[Round "7"]
[White "Almanza Avila, Nataly"]
[Black "Cabrera Novoa, Roxana"]
[Result "1-0"]
[WhiteElo "1365"]
[BlackElo "1020"]
[PlyCount "78"]
[EventDate "2019.03.13"]
[EventType "swiss"]
[EventRounds "7"]
[EventCountry "COL"]
[SourceTitle "CBM 189 Extra"]
[Source "ChessBase"]
[SourceDate "2019.06.03"]
[SourceVersion "1"]
[SourceVersionDate "2019.06.03"]
[SourceQuality "1"]

1. d4 d5 2. c4 e6 3. Nc3 Nf6 4. Bg5 Be7 5. e3 Nbd7 6. Nf3 0-0 7. Bd3 b6 8. 0-0 Bb7 9. cxd5 exd5 10. Rc1 Rc8 11. h3 c5 12. Bf4 cxd4 13. Nxd4 Ne4 14. Ncb5 Rxc1 15. Qxc1 a6 16. Bc7 Qa8 17. Bxe4 dxe4 18. Nf5 axb5 19. Nxe7+ Kh8 20. Rd1 Nf6 21. Bxb6 Qxa2 22. Qc5 Re8 23. Qxb5 Qe6 24. Bc5 Ba6 25. Qa5 Bd3 26. Qa3 Qa6 27. f3 Qxa3 28. Bxa3 h6 29. Rc1 Rb8 30. Rc7 exf3 31. gxf3 Bg6 32. Nxg6+ fxg6 33. e4 Rb3 34. Rc3 Rxc3 35. bxc3 Nd7 36. f4 Kg8 37. Kf2 Kf7 38. Ke3 Ke6 39. Kd4 Nb6 1-0

[Event "COL-ch U20 Girls"]
[Site "Medellin"]
[Date "2019.03.15"]
[Round "4"]
[White "Almanza Avila, Nataly"]
[Black "Castano, Saray"]
[Result "1/2-1/2"]
[WhiteElo "1365"]
[BlackElo "1584"]
[PlyCount "76"]
[EventDate "2019.03.13"]
[EventType "swiss"]
[EventRounds "7"]
[EventCountry "COL"]
[SourceTitle "CBM 189 Extra"]
[Source "ChessBase"]
[SourceDate "2019.06.03"]
[SourceVersion "1"]
[SourceVersionDate "2019.06.03"]
[SourceQuality "1"]

1. d4 Nf6 2. c4 g6 3. Nc3 Bg7 4. e4 d6 5. h3 0-0 6. Nf3 Nbd7 7. Be3 e5 8. d5 h6 9. Qd2 Kh7 10. g4 Ne8 11. Bd3 Nc5 12. Bc2 a5 13. 0-0-0 Bd7 14. Ne1 Na6 15. Nd3 Nb4 16. a3 Nxc2 17. Qxc2 Rb8 18. Rdg1 b5 19. c5 b4 20. axb4 axb4 21. Nb1 c6 22. Kd2 Qa5 23. Ke2 Nf6 24. dxc6 Bxc6 25. f3 b3 26. Qc3 Qxc3 27. Nxc3 dxc5 28. Bxc5 Rfc8 29. Bd6 Rb6 30. Bxe5 Bb5 31. Rc1 Bxd3+ 32. Kxd3 Nxg4 33. hxg4 Bxe5 34. Na4 Rd6+ 35. Ke2 Rcd8 36. Rhd1 Bf4 37. Rxd6 Rxd6 38. Rd1 Rc6 1/2-1/2

[Event "COL-ch (Women)"]
[Site "Bogota"]
[Date "2018.11.11"]
[Round "8"]
[White "Manzano Gomez, Valentina"]
[Black "Almanza Avila, Nataly"]
[Result "1/2-1/2"]
[WhiteElo "1618"]
[BlackElo "1339"]
[PlyCount "62"]
[EventDate "2018.11.06"]
[EventType "swiss"]
[EventRounds "9"]
[EventCountry "COL"]
[SourceTitle "CBM 187 Extra"]
[Source "ChessBase"]
[SourceDate "2018.11.04"]
[SourceVersion "1"]
[SourceVersionDate "2018.11.04"]
[SourceQuality "1"]

1. e4 c5 2. Nf3 d6 3. d4 cxd4 4. Nxd4 Nf6 5. Nc3 a6 6. Bg5 e6 7. f4 h6 8. Bh4 Qb6 9. Nb3 Be7 10. Bf2 Qc7 11. Bd3 Nbd7 12. Qe2 b5 13. a3 Bb7 14. 0-0-0 Rc8 15. g4 Nc5 16. Kb1 d5 17. e5 Nfd7 18. Nxc5 Nxc5 19. Rhe1 Nxd3 20. Rxd3 Qa5 21. Na2 Rc4 22. f5 Qc7 23. Bd4 Bc5 24. c3 Bxd4 25. cxd4 a5 26. Rc3 Qb6 27. Rxc4 dxc4 28. fxe6 Qxe6 29. Nc3 b4 30. Nb5 0-0 31. Nd6 Bd5 1/2-1/2

[Event "COL-ch (Women)"]
[Site "Bogota"]
[Date "2018.11.08"]
[Round "4"]
[White "Perez Valcarcel, Maria Jose"]
[Black "Almanza Avila, Nataly"]
[Result "1-0"]
[WhiteElo "1621"]
[BlackElo "1339"]
[PlyCount "63"]
[EventDate "2018.11.06"]
[EventType "swiss"]
[EventRounds "9"]
[EventCountry "COL"]
[SourceTitle "CBM 187 Extra"]
[Source "ChessBase"]
[SourceDate "2018.11.04"]
[SourceVersion "1"]
[SourceVersionDate "2018.11.04"]
[SourceQuality "1"]

1. e4 c5 2. Nf3 d6 3. d4 cxd4 4. Nxd4 Nf6 5. Nc3 a6 6. Bg5 e6 7. f4 h6 8. Bh4 Qb6 9. a3 Be7 10. Bf2 Qc7 11. g4 h5 12. Bh3 g6 13. g5 Ng4 14. Bxg4 hxg4 15. Nb3 d5 16. Qd4 0-0 17. exd5 Rd8 18. 0-0-0 b5 19. Kb1 Bb7 20. Qb6 Qxb6 21. Bxb6 Rd7 22. Rhe1 exd5 23. Re5 Nc6 24. Rexd5 Rxd5 25. Rxd5 Rc8 26. Rd7 Ba8 27. Nd5 Kf8 28. Nxe7 Nxe7 29. Bc5 Re8 30. Nd4 Be4 31. Kc1 Bg2 32. f5 1-0

[Event "COL-chT (Women)"]
[Site "Ibague"]
[Date "2018.10.13"]
[Round "5.4"]
[White "Almanza Avila, Nataly"]
[Black "Suarez Ardila, Luisa Maria"]
[Result "1-0"]
[WhiteElo "1322"]
[BlackElo "1451"]
[PlyCount "93"]
[EventDate "2018.10.11"]
[EventType "team-swiss"]
[EventRounds "6"]
[EventCountry "COL"]
[SourceTitle "CBM 186 Extra"]
[Source "ChessBase"]
[SourceDate "2018.08.24"]
[SourceVersion "1"]
[SourceVersionDate "2018.08.24"]
[SourceQuality "1"]
[WhiteTeam "Tolima (W)"]
[BlackTeam "Meta (W)"]
[WhiteTeamCountry "COL"]
[BlackTeamCountry "COL"]

1. d4 Nf6 2. c4 e6 3. Nc3 d5 4. Bg5 Nbd7 5. e3 h6 6. Bh4 Be7 7. Nf3 c5 8. cxd5 Nxd5 9. Bxe7 Qxe7 10. Nxd5 exd5 11. dxc5 Qxc5 12. Qd2 Nf6 13. Rc1 Qd6 14. Bd3 0-0 15. 0-0 Bg4 16. Nd4 Ne4 17. Bxe4 dxe4 18. h3 Be6 19. Rfd1 Rfd8 20. Qe2 Qe7 21. Qc2 Bd5 22. Nb5 Bc6 23. Rxd8+ Qxd8 24. Rd1 Qa5 25. Nd4 Bd5 26. b3 Rd8 27. Nf5 a6 28. Rd4 Kh8 29. Qb2 f6 30. Qe2 Be6 31. Nd6 Bd5 32. Nxe4 Bxe4 33. Rxe4 Rd2 34. Re8+ Kh7 35. Qf3 Rxa2 36. Qxb7 Qe1+ 37. Kh2 Qa5 38. Qe4+ f5 39. Qe6 Rxf2 40. Qg8+ Kg6 41. Re6+ Kh5 42. Qxg7 Rxg2+ 43. Qxg2 Qc7+ 44. Kg1 Qc1+ 45. Qf1 Qc2 46. Qf3+ Kg5 47. Qf4+ 1-0